000 00928cab a2200253 4500
001 ABS47878
008 090401t1993 xxu||||| |||| 00| 0 eng d
035 _a(Sirsi) u63845
041 _aeng
245 _aDarlington BC v Denmark Chemists Ltd
260 _c1993
350 _a0
490 _aEstates Gazette
_v(1993) 02 EG 117-122 (4)
520 _aCA 31 July 1992. An appeal for relief against forfeiture after the tenant had failed to comply with a covenant to build at his own cost a surgery on the demised site was dismissed and any enrichment of the landlord on recovering the site with a pharmacy newly built by the tenants was held to be lawful.
650 _aBREACH OF COVENANT
650 _aDOCTORS SURGERY
650 _aENRICHMENT
650 _aFORFEITURE
650 _aLEASES
650 _aPHARMACY
690 _aLANDLORD AND TENANT-CASE LAW-BUSINESS TENANCIES
942 _n0
948 _c04/03/1997
999 _c39718
_d39718